| 000 | 01114nam a2200313 i 4500 | ||
|---|---|---|---|
| 001 | 000013307 | ||
| 003 | DO-SdBNP | ||
| 005 | 20260303133932.0 | ||
| 007 | ta | ||
| 008 | 091123s1987 dr a er 001 h spa d | ||
| 040 |
_aDO-SdBNP _bspa _cBNPHU _erda |
||
| 041 | _hspa | ||
| 082 | 4 |
_aRD867.44 _bC744v, 1987 _222 |
|
| 100 | 1 |
_aConcha, Leonel, _eautor _4aut. _930501 |
|
| 245 | 1 | 3 |
_aLa vida en broma : _b(quinto libro) / _cLeonel Concha ; prólogo, Roberto Marcallé Abreu. |
| 264 | 4 |
_aSanto Domingo : _bBiblioteca Nacional Pedro Henríquez Ureña (BNPHU), _c1987?. |
|
| 300 |
_a200 páginas : _bilustraciones ; _c22 cm. |
||
| 336 |
_atexto _btxt _2rdacontent |
||
| 337 |
_asin mediación _bn _2rdamedia |
||
| 338 |
_avolumen _bnc _2rdacarrier |
||
| 490 | 0 |
_aColección Orfeo ; _v5 |
|
| 590 | _aInventariado 2022 / MF | ||
| 650 | 0 |
_aHumorismo dominicano _9275 |
|
| 650 | 7 |
_aLiteratura dominicana. _967 _2LEMB |
|
| 700 | 1 |
_aMarcallé Abreu, Roberto, _eprologuista _4pr. _9862 |
|
| 710 | 2 |
_aBiblioteca Nacional Pedro Henríquez Ureña _981292 |
|
| 910 | _aMFeliz/Validado. Control de calidad MFF | ||
| 942 |
_2ddc _cLBS1 |
||
| 999 |
_c12937 _d12937 |
||